000 006570000a22002050004500
003 LK-CoMWRAF
005 20231213132934.0
008 230817t1989 ||||| |||| 00| 0 eng d
040 _aLK-CoMWRAF
_dLK-CoMWRAF
_eLK-CoMWRAF
041 _aeng
082 _a613.9
_bNAI
100 _aNair, Sumati
245 _aImperialism and the control of women's fertility:
_bnew hormonal contraceptives population control and the WHO
260 _aLondon:
_b The Campaign against Long-Acting Hormonal Contraceptives,
_c1989
300 _a164 p.
650 _aBirth control- Political aspects
650 _aContraceptives
650 _aPopulation policy
942 _cBK
999 _c1803
_d1803